Plant pathologist's pocketbook (Record no. 42670)

MARC details
000 -LEADER
fixed length control field 00382nam a2200157Ia 4500
020 ## - INTERNATIONAL STANDARD BOOK NUMBER
ISBN 851994598
082 ## - DEWEY DECIMAL CLASSIFICATION NUMBER
Classification number 581.2
Item number WAL
100 ## - MAIN ENTRY--AUTHOR NAME
Personal name Waller, J M
245 #0 - TITLE STATEMENT
Title Plant pathologist's pocketbook
250 ## - EDITION STATEMENT
Edition statement Ed.3
260 ## - PUBLICATION, DISTRIBUTION, ETC. (IMPRINT)
Place of publication UK
Name of publisher CABIPublishing
Year of publication 2002
650 ## - SUBJECT ADDED ENTRY--TOPICAL TERM
Topical Term Disease management
650 ## - SUBJECT ADDED ENTRY--TOPICAL TERM
Topical Term Plant disease
942 ## - ADDED ENTRY ELEMENTS (KOHA)
Koha item type Books
Holdings
Withdrawn status Lost status Damaged status Not for loan Home library Current library Date acquired Cost, normal purchase price Full call number Accession Number Koha item type
        RRII Library RRII Library 16/12/2021 75.00 581.2 WAL 22937 Books